[Event "ODJM B 2023"]
[Site "Willingen GER"]
[Date "2023.05.28"]
[Round "2"]
[White "Oblender, Rudi"]
[Black "Jacoby, Angelina"]
[Result "1/2-1/2"]
[Termination "normal"]
[Board "28"]
[WhiteElo "1391"]
[BlackElo "1583"]
[WhiteClock "00:33:59"]
[BlackClock "00:01:08"]
[PlyCount "126"]
[WhiteFideId "34625089"]
[BlackFideId "12999008"]
[EventCountry "GER"]
[EventRounds "9"]
[EventType "swiss"]
[EventDate "2023.05.27"]

1. e4 {[%clk 01:30:57]} {[%emt 00:00:02]} d5 {[%clk 01:30:51]} {[%emt
00:00:10]} 2. exd5 {[%clk 01:31:22]} {[%emt 00:00:05]} Qxd5 {[%clk 01:31:13]}
{[%emt 00:00:07]} 3. Nc3 {[%clk 01:31:45]} {[%emt 00:00:08]} Qd8 {[%clk
01:31:34]} {[%emt 00:00:08]} 4. Nf3 {[%clk 01:31:53]} {[%emt 00:00:22]} Nf6
{[%clk 01:31:47]} {[%emt 00:00:17]} 5. g3 {[%clk 01:31:34]} {[%emt 00:00:49]}
c6 {[%clk 01:30:47]} {[%emt 00:01:30]} 6. Bg2 {[%clk 01:30:43]} {[%emt
00:01:22]} Bf5 {[%clk 01:29:33]} {[%emt 00:01:44]} 7. d3 {[%clk 01:29:08]}
{[%emt 00:02:05]} e6 {[%clk 01:29:35]} {[%emt 00:00:28]} 8. Bg5 {[%clk
01:29:17]} {[%emt 00:00:22]} Nbd7 {[%clk 01:28:55]} {[%emt 00:01:10]} 9. Qd2
{[%clk 01:26:26]} {[%emt 00:03:20]} Bb4 {[%clk 01:24:26]} {[%emt 00:04:57]} 10.
O-O {[%clk 01:19:45]} {[%emt 00:07:13]} h6 {[%clk 01:18:14]} {[%emt 00:06:41]}
11. Be3 {[%clk 01:16:47]} {[%emt 00:03:29]} Nd5 {[%clk 01:07:33]} {[%emt
00:11:11]} 12. Bd4 {[%clk 01:12:17]} {[%emt 00:05:01]} O-O {[%clk 01:04:13]}
{[%emt 00:03:47]} 13. a3 {[%clk 01:08:51]} {[%emt 00:03:59]} Ba5 {[%clk
01:00:40]} {[%emt 00:04:02]} 14. b4 {[%clk 01:09:01]} {[%emt 00:00:21]} Bb6
{[%clk 00:58:05]} {[%emt 00:03:04]} 15. Nxd5 {[%clk 01:08:40]} {[%emt
00:00:51]} cxd5 {[%clk 00:57:38]} {[%emt 00:00:58]} 16. Bb2 {[%clk 01:08:20]}
{[%emt 00:00:49]} Rc8 {[%clk 00:56:48]} {[%emt 00:01:20]} 17. Rac1 {[%clk
01:03:53]} {[%emt 00:04:57]} Bc7 {[%clk 00:45:41]} {[%emt 00:11:37]} 18. c4
{[%clk 01:00:11]} {[%emt 00:04:12]} dxc4 {[%clk 00:41:55]} {[%emt 00:04:16]}
19. dxc4 {[%clk 00:59:04]} {[%emt 00:01:37]} Nb6 {[%clk 00:41:25]} {[%emt
00:01:00]} 20. Qc3 {[%clk 00:53:39]} {[%emt 00:05:55]} f6 {[%clk 00:40:22]}
{[%emt 00:01:33]} 21. Qb3 {[%clk 00:50:09]} {[%emt 00:04:00]} Qe7 {[%clk
00:27:19]} {[%emt 00:13:33]} 22. Nh4 {[%clk 00:48:06]} {[%emt 00:02:32]} Bh7
{[%clk 00:22:37]} {[%emt 00:05:12]} 23. c5 {[%clk 00:45:22]} {[%emt 00:03:15]}
Nd7 {[%clk 00:18:40]} {[%emt 00:04:27]} 24. Bxb7 {[%clk 00:45:02]} {[%emt
00:00:49]} Rb8 {[%clk 00:19:06]} {[%emt 00:00:05]} 25. c6 {[%clk 00:43:54]}
{[%emt 00:01:38]} Nb6 {[%clk 00:17:36]} {[%emt 00:02:00]} 26. Ba6 {[%clk
00:39:52]} {[%emt 00:04:32]} Be4 {[%clk 00:14:44]} {[%emt 00:03:22]} 27. Bc4
{[%clk 00:38:03]} {[%emt 00:02:19]} Nxc4 {[%clk 00:14:35]} {[%emt 00:00:40]}
28. Qxc4 {[%clk 00:38:14]} {[%emt 00:00:18]} Bd5 {[%clk 00:14:49]} {[%emt
00:00:16]} 29. Qc2 {[%clk 00:36:45]} {[%emt 00:01:59]} Qf7 {[%clk 00:13:47]}
{[%emt 00:01:32]} 30. a4 {[%clk 00:25:57]} {[%emt 00:11:18]} Rxb4 {[%clk
00:09:29]} {[%emt 00:04:48]} 31. Ba3 {[%clk 00:26:12]} {[%emt 00:00:15]} Rc4
{[%clk 00:09:47]} {[%emt 00:00:12]} 32. Qe2 {[%clk 00:24:59]} {[%emt 00:01:40]}
Rxc1 {[%clk 00:05:26]} {[%emt 00:04:53]} 33. Rxc1 {[%clk 00:25:08]} {[%emt
00:00:21]} Ra8 {[%clk 00:04:35]} {[%emt 00:01:20]} 34. Qa6 {[%clk 00:19:14]}
{[%emt 00:06:26]} Qe8 {[%clk 00:03:45]} {[%emt 00:01:18]} 35. Qb7 {[%clk
00:14:50]} {[%emt 00:04:56]} Qb8 {[%clk 00:02:18]} {[%emt 00:01:57]} 36. Ng6
{[%clk 00:12:02]} {[%emt 00:03:18]} Bf3 {[%clk 00:00:46]} {[%emt 00:02:02]} 37.
Nf4 {[%clk 00:06:22]} {[%emt 00:06:09]} Bxf4 {[%clk 00:00:35]} {[%emt
00:00:42]} 38. gxf4 {[%clk 00:06:32]} {[%emt 00:00:20]} Qxb7 {[%clk 00:00:53]}
{[%emt 00:00:12]} 39. cxb7 {[%clk 00:06:38]} {[%emt 00:00:24]} Bxb7 {[%clk
00:01:20]} {[%emt 00:00:04]} 40. Rc7 {[%clk 00:05:56]} {[%emt 00:01:11]} Bd5
{[%clk 00:01:33]} {[%emt 00:00:15]} 41. Rd7 {[%clk 00:06:03]} {[%emt 00:00:25]}
Rb8 {[%clk 00:29:26]} {[%emt 00:02:33]} 42. h4 {[%clk 00:36:24]} {[%emt
00:00:12]} Rb7 {[%clk 00:22:55]} {[%emt 00:07:01]} 43. Rd6 {[%emt 00:12:59]}
Rb1+ {[%clk 00:10:58]} 44. Kh2 {[%clk 00:36:48]} {[%emt 00:00:05]} Ra1 {[%clk
00:10:36]} {[%emt 00:00:52]} 45. Bc5 {[%clk 00:37:06]} {[%emt 00:00:12]} Rxa4
{[%clk 00:10:56]} {[%emt 00:00:10]} 46. Kg3 {[%clk 00:36:13]} {[%emt 00:01:23]}
Ra5 {[%clk 00:07:36]} {[%emt 00:03:50]} 47. Bb4 {[%clk 00:35:18]} {[%emt
00:01:25]} Rb5 {[%clk 00:07:37]} {[%emt 00:00:29]} 48. Bd2 {[%clk 00:35:31]}
{[%emt 00:00:17]} Rb6 {[%clk 00:05:46]} {[%emt 00:02:22]} 49. Rd8+ {[%clk
00:34:51]} {[%emt 00:01:09]} Kh7 {[%clk 00:04:42]} {[%emt 00:01:34]} 50. Be3
{[%clk 00:35:06]} {[%emt 00:00:15]} Rb7 {[%clk 00:04:08]} {[%emt 00:01:03]} 51.
f5 {[%clk 00:33:17]} {[%emt 00:02:20]} Rb5 {[%clk 00:02:02]} {[%emt 00:02:36]}
52. fxe6 {[%clk 00:32:37]} {[%emt 00:01:10]} Bxe6 {[%clk 00:02:19]} {[%emt
00:00:13]} 53. Bxa7 {[%clk 00:33:00]} {[%emt 00:00:07]} Rb4 {[%clk 00:02:03]}
{[%emt 00:00:44]} 54. Bd4 {[%clk 00:32:29]} {[%emt 00:01:02]} Rb1 {[%clk
00:01:35]} {[%emt 00:00:58]} 55. Kg2 {[%clk 00:32:43]} {[%emt 00:00:16]} Bf5
{[%clk 00:01:17]} {[%emt 00:00:48]} 56. f3 {[%clk 00:32:35]} {[%emt 00:00:39]}
Rb3 {[%clk 00:01:02]} {[%emt 00:00:45]} 57. Rd5 {[%clk 00:31:57]} {[%emt
00:01:07]} Bc8 {[%clk 00:01:00]} {[%emt 00:00:31]} 58. Rc5 {[%clk 00:32:15]}
{[%emt 00:00:14]} Bb7 {[%clk 00:00:57]} {[%emt 00:00:32]} 59. Bc3 {[%clk
00:32:37]} {[%emt 00:00:08]} Ba6 {[%clk 00:00:44]} {[%emt 00:00:43]} 60. Rc7
{[%clk 00:32:58]} {[%emt 00:00:09]} Rb7 {[%clk 00:00:53]} {[%emt 00:00:21]} 61.
Rc6 {[%clk 00:33:15]} {[%emt 00:00:13]} Bd3 {[%clk 00:00:43]} {[%emt 00:00:41]}
62. Rd6 {[%clk 00:33:36]} {[%emt 00:00:10]} Bf5 {[%clk 00:00:52]} {[%emt
00:00:19]} 63. Rd5 {[%clk 00:33:59]} {[%emt 00:00:08]} Be6 {[%clk 00:01:08]}
{[%emt 00:00:13]} 1/2-1/2

[Event "ODJM B 2023"]
[Site "Willingen GER"]
[Date "2023.05.28"]
[Round "2"]
[White "Duchstein, Anna"]
[Black "Köpnick, Amanda"]
[Result "1-0"]
[Termination "normal"]
[Board "29"]
[WhiteElo "1568"]
[BlackElo "1271"]
[WhiteClock "00:29:26"]
[BlackClock "00:08:35"]
[PlyCount "67"]
[WhiteFideId "16261372"]
[BlackFideId "34618538"]
[EventCountry "GER"]
[EventRounds "9"]
[EventType "swiss"]
[EventDate "2023.05.27"]

1. e4 {[%clk 01:30:58]} {[%emt 00:00:02]} e5 {[%clk 01:30:56]} {[%emt
00:00:04]} 2. Nf3 {[%clk 01:31:22]} {[%emt 00:00:05]} Nc6 {[%clk 01:31:21]}
{[%emt 00:00:06]} 3. Bc4 {[%clk 01:31:42]} {[%emt 00:00:10]} Bc5 {[%clk
01:31:45]} {[%emt 00:00:06]} 4. c3 {[%clk 01:31:46]} {[%emt 00:00:27]} Nf6
{[%clk 01:31:13]} {[%emt 00:01:01]} 5. d4 {[%clk 01:30:40]} {[%emt 00:01:35]}
exd4 {[%clk 01:31:24]} {[%emt 00:00:19]} 6. cxd4 {[%clk 01:31:06]} {[%emt
00:00:05]} Bb4+ {[%clk 01:31:42]} {[%emt 00:00:13]} 7. Nc3 {[%clk 01:31:20]}
{[%emt 00:00:16]} Nxe4 {[%clk 01:31:38]} {[%emt 00:00:34]} 8. O-O {[%clk
01:31:45]} {[%emt 00:00:05]} Bxc3 {[%clk 01:31:26]} {[%emt 00:00:41]} 9. bxc3
{[%clk 01:29:30]} {[%emt 00:02:45]} d5 {[%clk 01:30:09]} {[%emt 00:01:47]} 10.
Qe1 {[%clk 01:27:46]} {[%emt 00:02:14]} O-O {[%clk 01:27:36]} {[%emt 00:03:03]}
11. Bd3 {[%clk 01:26:31]} {[%emt 00:01:45]} Re8 {[%clk 01:19:18]} {[%emt
00:08:48]} 12. Be3 {[%clk 01:26:10]} {[%emt 00:00:51]} a6 {[%clk 01:06:43]}
{[%emt 00:13:05]} 13. Qc1 {[%clk 01:23:33]} {[%emt 00:03:07]} Ne7 {[%clk
00:59:50]} {[%emt 00:07:22]} 14. Qc2 {[%clk 01:18:13]} {[%emt 00:05:50]} Ng6
{[%clk 00:56:54]} {[%emt 00:03:26]} 15. c4 {[%clk 01:14:33]} {[%emt 00:04:11]}
c6 {[%clk 00:55:32]} {[%emt 00:01:52]} 16. Rab1 {[%clk 01:12:38]} {[%emt
00:02:25]} Qe7 {[%clk 00:48:29]} {[%emt 00:07:33]} 17. Rfe1 {[%clk 01:05:53]}
{[%emt 00:07:15]} Bf5 {[%clk 00:43:32]} {[%emt 00:05:26]} 18. c5 {[%clk
01:01:18]} {[%emt 00:05:06]} Qd7 {[%clk 00:40:17]} {[%emt 00:03:44]} 19. Rb2
{[%clk 00:58:18]} {[%emt 00:03:30]} Re7 {[%clk 00:40:17]} {[%emt 00:00:30]} 20.
Reb1 {[%clk 00:57:51]} {[%emt 00:00:58]} Qc7 {[%clk 00:37:56]} {[%emt
00:02:50]} 21. Rxb7 {[%clk 00:54:20]} {[%emt 00:04:02]} Qd8 {[%clk 00:33:37]}
{[%emt 00:04:49]} 22. R7b6 {[%clk 00:52:58]} {[%emt 00:01:52]} Rc7 {[%clk
00:30:00]} {[%emt 00:04:07]} 23. R1b3 {[%clk 00:46:33]} {[%emt 00:06:55]} a5
{[%clk 00:28:06]} {[%emt 00:02:24]} 24. Qb2 {[%clk 00:44:05]} {[%emt 00:02:58]}
Ne7 {[%clk 00:24:28]} {[%emt 00:04:08]} 25. Bf4 {[%clk 00:42:50]} {[%emt
00:01:44]} Rca7 {[%clk 00:20:21]} {[%emt 00:04:38]} 26. Rb8 {[%clk 00:38:49]}
{[%emt 00:04:31]} Bc8 {[%clk 00:17:47]} {[%emt 00:03:03]} 27. Qb1 {[%clk
00:33:47]} {[%emt 00:05:33]} Nf6 {[%clk 00:15:28]} {[%emt 00:02:48]} 28. Bg5
{[%clk 00:32:27]} {[%emt 00:01:51]} Nd7 {[%clk 00:12:44]} {[%emt 00:03:14]} 29.
Bxh7+ {[%clk 00:31:57]} {[%emt 00:00:59]} Kf8 {[%clk 00:10:43]} {[%emt
00:02:32]} 30. Rxa8 {[%clk 00:31:52]} {[%emt 00:00:35]} Rxa8 {[%clk 00:11:03]}
{[%emt 00:00:09]} 31. Re3 {[%clk 00:30:15]} {[%emt 00:02:07]} f6 {[%clk
00:11:10]} {[%emt 00:00:23]} 32. Bf4 {[%clk 00:30:01]} {[%emt 00:00:44]} Kf7
{[%clk 00:09:09]} {[%emt 00:02:31]} 33. Bd6 {[%clk 00:29:43]} {[%emt 00:00:49]}
Ng8 {[%clk 00:08:35]} {[%emt 00:01:03]} 34. Qg6# {[%clk 00:29:26]} {[%emt
00:00:13]} 1-0

[Event "ODJM B 2023"]
[Site "Willingen GER"]
[Date "2023.05.28"]
[Round "2"]
[White "Christen, Jan"]
[Black "Stiehler, Daniel"]
[Result "0-1"]
[Termination "normal"]
[Board "30"]
[WhiteElo "1598"]
[BlackElo "1493"]
[WhiteClock "00:30:26"]
[BlackClock "01:11:56"]
[PlyCount "82"]
[WhiteFideId "34643320"]
[BlackFideId "34604863"]
[EventCountry "GER"]
[EventRounds "9"]
[EventType "swiss"]
[EventDate "2023.05.27"]

1. d4 {[%clk 01:30:58]} Nf6 {[%clk 01:30:54]} {[%emt 00:00:07]} 2. c4 {[%clk
01:31:26]} {[%emt 00:00:02]} g6 {[%clk 01:31:20]} {[%emt 00:00:04]} 3. Nf3
{[%clk 01:31:45]} {[%emt 00:00:10]} Bg7 {[%clk 01:31:45]} {[%emt 00:00:05]} 4.
g3 {[%clk 01:32:12]} {[%emt 00:00:04]} O-O {[%clk 01:32:08]} {[%emt 00:00:06]}
5. Bg2 {[%clk 01:32:36]} {[%emt 00:00:07]} d6 {[%clk 01:32:33]} {[%emt
00:00:05]} 6. O-O {[%clk 01:32:57]} {[%emt 00:00:09]} c6 {[%clk 01:32:57]}
{[%emt 00:00:06]} 7. Nc3 {[%clk 01:32:57]} {[%emt 00:00:30]} Bf5 {[%clk
01:33:22]} {[%emt 00:00:05]} 8. Re1 {[%clk 01:30:44]} {[%emt 00:02:42]} Ne4
{[%clk 01:33:38]} {[%emt 00:00:14]} 9. Ng5 {[%clk 01:25:38]} {[%emt 00:05:34]}
Nxc3 {[%clk 01:32:21]} {[%emt 00:01:50]} 10. bxc3 {[%clk 01:26:04]} {[%emt
00:00:04]} d5 {[%clk 01:28:41]} {[%emt 00:04:10]} 11. cxd5 {[%clk 01:23:44]}
{[%emt 00:02:50]} cxd5 {[%clk 01:27:29]} {[%emt 00:01:42]} 12. Qb3 {[%clk
01:22:47]} {[%emt 00:01:26]} e6 {[%clk 01:23:47]} {[%emt 00:04:13]} 13. Qxb7
{[%clk 01:15:37]} {[%emt 00:07:40]} Nd7 {[%clk 01:22:06]} {[%emt 00:02:10]} 14.
Bf4 {[%clk 01:13:08]} {[%emt 00:02:58]} Qc8 {[%clk 01:20:17]} {[%emt 00:02:18]}
15. Qxc8 {[%clk 01:11:33]} {[%emt 00:02:08]} Raxc8 {[%clk 01:17:22]} {[%emt
00:03:24]} 16. Rec1 {[%clk 01:02:57]} {[%emt 00:09:06]} Nb6 {[%clk 01:16:19]}
{[%emt 00:01:33]} 17. a4 {[%clk 00:59:20]} {[%emt 00:04:07]} a5 {[%clk
01:14:48]} {[%emt 00:02:00]} 18. e4 {[%clk 00:57:48]} {[%emt 00:02:04]} dxe4
{[%clk 01:14:36]} {[%emt 00:00:42]} 19. Nxe4 {[%clk 00:58:15]} {[%emt
00:00:03]} Bxe4 {[%clk 01:14:18]} {[%emt 00:00:48]} 20. Bxe4 {[%clk 00:58:41]}
{[%emt 00:00:03]} Rc4 {[%clk 01:13:38]} {[%emt 00:01:11]} 21. Bd3 {[%clk
00:47:20]} {[%emt 00:11:50]} Rxa4 {[%clk 01:06:05]} {[%emt 00:08:04]} 22. Bc7
{[%clk 00:45:05]} {[%emt 00:02:44]} Rxa1 {[%clk 01:06:02]} {[%emt 00:00:34]}
23. Rxa1 {[%clk 00:45:34]} {[%emt 00:00:01]} Nd5 {[%clk 01:05:16]} {[%emt
00:01:15]} 24. Bxa5 {[%clk 00:45:13]} {[%emt 00:00:51]} Rc8 {[%clk 01:05:14]}
{[%emt 00:00:32]} 25. Rc1 {[%clk 00:29:05]} {[%emt 00:16:38]} Bxd4 {[%clk
01:00:25]} {[%emt 00:05:19]} 26. c4 {[%clk 00:29:31]} {[%emt 00:00:04]} Nb6
{[%clk 00:59:02]} {[%emt 00:01:48]} 27. Bxb6 {[%clk 00:28:34]} {[%emt
00:01:32]} Bxb6 {[%clk 00:58:04]} {[%emt 00:01:28]} 28. Kg2 {[%clk 00:28:40]}
{[%emt 00:00:24]} Kg7 {[%clk 00:58:09]} {[%emt 00:00:25]} 29. f4 {[%clk
00:28:16]} {[%emt 00:00:54]} Ra8 {[%clk 00:57:50]} {[%emt 00:00:49]} 30. c5
{[%clk 00:27:31]} {[%emt 00:01:16]} Bc7 {[%clk 00:57:29]} {[%emt 00:00:50]} 31.
Bb5 {[%clk 00:24:51]} {[%emt 00:03:10]} Ra2+ {[%clk 00:57:25]} {[%emt
00:00:35]} 32. Kh3 {[%clk 00:22:07]} {[%emt 00:03:13]} h5 {[%clk 00:57:05]}
{[%emt 00:00:50]} 33. c6 {[%clk 00:17:46]} {[%emt 00:04:51]} f6 {[%clk
00:55:26]} {[%emt 00:02:10]} 34. Rd1 {[%clk 00:17:49]} {[%emt 00:00:27]} g5
{[%clk 00:50:14]} {[%emt 00:05:42]} 35. fxg5 {[%clk 00:13:08]} {[%emt
00:05:11]} fxg5 {[%clk 00:50:07]} {[%emt 00:00:36]} 36. Rf1 {[%clk 00:00:37]}
{[%emt 00:13:01]} Be5 {[%clk 00:47:43]} {[%emt 00:02:53]} 37. Bc4 {[%clk
00:00:34]} {[%emt 00:00:34]} g4+ {[%emt 00:02:25]} 38. Kh4 Rc2 {[%clk
00:43:19]} {[%emt 00:02:59]} 39. Bxe6 {[%clk 00:01:03]} {[%emt 00:00:31]} Kh6
{[%clk 00:42:10]} {[%emt 00:01:39]} 40. h3 {[%clk 00:00:31]} {[%emt 00:01:03]}
Rg2 {[%clk 00:42:06]} {[%emt 00:00:32]} 41. hxg4 {[%clk 00:30:26]} {[%emt
00:00:37]} Rh2# {[%clk 01:11:56]} {[%emt 00:00:08]} 0-1

[Event "ODJM B 2023"]
[Site "Willingen GER"]
[Date "2023.05.28"]
[Round "2"]
[White "Sensoy, Emir"]
[Black "Link, Moritz"]
[Result "0-1"]
[Termination "normal"]
[Board "31"]
[WhiteElo "1418"]
[BlackElo "1589"]
[WhiteClock "00:19:03"]
[BlackClock "00:23:21"]
[PlyCount "108"]
[WhiteFideId "34607390"]
[BlackFideId "34605924"]
[EventCountry "GER"]
[EventRounds "9"]
[EventType "swiss"]
[EventDate "2023.05.27"]

1. c4 {[%clk 01:30:58]} {[%emt 00:00:01]} Nf6 {[%clk 01:30:55]} {[%emt
00:00:06]} 2. g3 {[%clk 01:31:22]} {[%emt 00:00:05]} e6 {[%clk 01:31:18]}
{[%emt 00:00:07]} 3. Bg2 {[%clk 01:31:47]} {[%emt 00:00:05]} d5 {[%clk
01:31:32]} {[%emt 00:00:16]} 4. cxd5 {[%clk 01:31:59]} {[%emt 00:00:18]} exd5
{[%clk 01:31:41]} {[%emt 00:00:22]} 5. e3 {[%clk 01:32:15]} {[%emt 00:00:14]}
Bd6 {[%clk 01:31:22]} {[%emt 00:00:48]} 6. Ne2 {[%clk 01:32:36]} {[%emt
00:00:09]} O-O {[%clk 01:31:22]} {[%emt 00:00:31]} 7. Nbc3 {[%clk 01:32:08]}
{[%emt 00:00:56]} c6 {[%clk 01:31:25]} {[%emt 00:00:28]} 8. O-O {[%clk
01:31:59]} {[%emt 00:00:38]} Nbd7 {[%clk 01:30:07]} {[%emt 00:01:48]} 9. b3
{[%clk 01:32:00]} {[%emt 00:00:30]} b6 {[%clk 01:28:59]} {[%emt 00:01:39]} 10.
Bb2 {[%clk 01:32:24]} {[%emt 00:00:05]} Ba6 {[%clk 01:29:12]} {[%emt 00:00:17]}
11. d3 {[%clk 01:30:49]} {[%emt 00:02:05]} Nc5 {[%clk 01:19:38]} {[%emt
00:10:04]} 12. d4 {[%clk 01:21:56]} {[%emt 00:09:22]} Nd3 {[%clk 01:18:10]}
{[%emt 00:01:59]} 13. Qd2 {[%clk 01:21:00]} {[%emt 00:01:27]} Rc8 {[%clk
01:05:42]} {[%emt 00:12:58]} 14. Bh3 {[%clk 01:15:51]} {[%emt 00:05:38]} Rc7
{[%clk 01:05:21]} {[%emt 00:00:51]} 15. Bf5 {[%clk 01:15:40]} {[%emt 00:00:41]}
Nxb2 {[%clk 01:04:33]} {[%emt 00:01:18]} 16. Qxb2 {[%clk 01:15:53]} {[%emt
00:00:16]} Bc8 {[%clk 01:01:17]} {[%emt 00:03:47]} 17. Bxc8 {[%clk 01:14:12]}
{[%emt 00:02:12]} Qxc8 {[%clk 01:01:46]} 18. Rac1 {[%clk 01:14:12]} {[%emt
00:00:29]} Qh3 {[%clk 01:01:53]} {[%emt 00:00:23]} 19. Nf4 {[%clk 01:12:04]}
{[%emt 00:02:37]} Qh6 {[%clk 00:54:07]} {[%emt 00:08:17]} 20. f3 {[%clk
01:10:25]} {[%emt 00:02:09]} Re8 {[%clk 00:43:47]} {[%emt 00:10:50]} 21. Qf2
{[%clk 00:50:48]} {[%emt 00:20:07]} Rce7 {[%clk 00:42:04]} {[%emt 00:02:14]}
22. Rfe1 {[%clk 00:41:22]} {[%emt 00:09:55]} Bb4 {[%clk 00:34:13]} {[%emt
00:08:21]} 23. Re2 {[%clk 00:39:30]} {[%emt 00:02:22]} g5 {[%clk 00:33:36]}
{[%emt 00:01:07]} 24. Nd3 {[%clk 00:34:08]} {[%emt 00:05:52]} Bd6 {[%clk
00:17:15]} {[%emt 00:16:52]} 25. g4 {[%clk 00:26:40]} {[%emt 00:07:57]} Re6
{[%clk 00:08:49]} {[%emt 00:08:56]} 26. Qg2 {[%clk 00:15:03]} {[%emt 00:12:06]}
Rxe3 {[%clk 00:07:08]} {[%emt 00:02:12]} 27. Ne5 {[%clk 00:10:07]} {[%emt
00:05:25]} Bxe5 {[%clk 00:05:01]} {[%emt 00:02:38]} 28. dxe5 {[%clk 00:09:07]}
{[%emt 00:01:30]} R8xe5 {[%clk 00:04:04]} {[%emt 00:01:28]} 29. Rce1 {[%clk
00:08:59]} {[%emt 00:00:36]} d4 {[%clk 00:03:39]} {[%emt 00:00:56]} 30. Ne4
{[%clk 00:07:07]} {[%emt 00:02:22]} Rxe2 {[%clk 00:03:33]} {[%emt 00:00:35]}
31. Qxe2 {[%clk 00:06:11]} {[%emt 00:01:26]} Nxe4 {[%clk 00:03:48]} {[%emt
00:00:16]} 32. fxe4 {[%clk 00:05:41]} {[%emt 00:01:00]} Qe6 {[%clk 00:03:46]}
{[%emt 00:00:32]} 33. h3 {[%clk 00:05:37]} {[%emt 00:00:34]} c5 {[%clk
00:02:32]} {[%emt 00:01:43]} 34. Qd3 {[%clk 00:03:02]} {[%emt 00:03:05]} Qd7
{[%clk 00:02:06]} {[%emt 00:00:56]} 35. Rf1 {[%clk 00:02:31]} {[%emt 00:01:01]}
Qc6 {[%clk 00:01:29]} {[%emt 00:01:08]} 36. Qf3 {[%clk 00:01:52]} {[%emt
00:01:08]} Qe6 {[%clk 00:01:21]} {[%emt 00:00:38]} 37. Qd3 {[%clk 00:01:17]}
{[%emt 00:01:05]} Rxe4 {[%clk 00:01:26]} {[%emt 00:00:26]} 38. Rf5 {[%clk
00:01:12]} {[%emt 00:00:35]} Re1+ {[%clk 00:01:28]} {[%emt 00:00:28]} 39. Kf2
{[%clk 00:01:22]} {[%emt 00:00:17]} Qe3+ {[%clk 00:01:42]} {[%emt 00:00:20]}
40. Qxe3 {[%clk 00:01:34]} {[%emt 00:00:17]} Rxe3 {[%clk 00:02:10]} {[%emt
00:00:03]} 41. Rxg5+ {[%clk 00:01:51]} {[%emt 00:00:11]} Kf8 {[%clk 00:02:01]}
{[%emt 00:00:39]} 42. h4 {[%clk 00:02:08]} {[%emt 00:00:14]} Re6 {[%clk
00:00:48]} {[%emt 00:01:43]} 43. Rd5 {[%clk 00:01:50]} {[%emt 00:00:48]} Ke7
{[%clk 00:27:34]} {[%emt 00:03:44]} 44. b4 {[%clk 00:30:53]} {[%emt 00:01:27]}
Rc6 {[%clk 00:23:31]} {[%emt 00:04:33]} 45. Re5+ {[%clk 00:29:56]} {[%emt
00:01:28]} Kf8 {[%emt 00:00:53]} 46. b5 {[%clk 00:23:57]} {[%emt 00:06:27]} Rd6
{[%clk 00:23:15]} {[%emt 00:00:24]} 47. Rh5 {[%clk 00:23:12]} {[%emt 00:01:13]}
d3 {[%clk 00:23:00]} {[%emt 00:00:47]} 48. Ke1 {[%clk 00:22:31]} {[%emt
00:01:11]} c4 {[%clk 00:22:45]} {[%emt 00:00:45]} 49. Rxh7 {[%clk 00:21:16]}
{[%emt 00:01:44]} Kg8 {[%clk 00:22:25]} {[%emt 00:00:50]} 50. Rh5 {[%clk
00:19:29]} {[%emt 00:02:18]} d2+ {[%clk 00:21:55]} {[%emt 00:01:00]} 51. Kd1
{[%clk 00:19:51]} {[%emt 00:00:08]} c3 {[%clk 00:22:24]} {[%emt 00:00:01]} 52.
Rg5+ {[%clk 00:20:13]} {[%emt 00:00:08]} Kf8 {[%clk 00:22:39]} {[%emt
00:00:15]} 53. a3 {[%clk 00:18:41]} {[%emt 00:02:02]} c2+ {[%clk 00:23:01]}
{[%emt 00:00:07]} 54. Kxc2 {[%clk 00:19:03]} {[%emt 00:00:08]} d1=Q+ {[%clk
00:23:21]} {[%emt 00:00:10]} 0-1